| 000 | 00362nam a22001337a 4500 | ||
|---|---|---|---|
| 003 | OSt | ||
| 005 | 20240402151629.0 | ||
| 008 | 240402b |||||||| |||| 00| 0 eng d | ||
| 040 | _cCentral Library MRSPTU | ||
| 100 | _aJ.L. Gupta | ||
| 245 |
_aOf Life and Me _bSelected Writings |
||
| 260 |
_aNew Delhi _bPicus Books (Hay House Publishers) _c2015 |
||
| 942 |
_2ddc _cBK _n0 |
||
| 999 |
_c9929 _d9929 |
||